[Event "AUTO-OPEN-834"]
[Site "http://www.queenalice.com/game.php?id=273921"]
[Date "2007.9.19"]
[Round "1"]
[White "doran"]
[Black "Egoigwe"]
[Result "1-0"]
[WhiteElo "1948"]
[BlackElo "1630"]

1. Nf3 d6 2. g3 e6 3. Bg2 e5 4. d3 Be7 5. O-O Bd7 6. e4 Bg4 7. h3 Be6 8. Nh2 Qd7
9. g4 g5 10. Nf3 f6 11. Nc3 h5 12. Nh2 hxg4 13. Nxg4 Nh6 14. f3 c6 15. Ne2 Na6
16. Ng3 d5 17. Nh5 Bc5+ 18. Kh2 Nxg4+ 19. fxg4 Be7 20. Ng7+ Kf7 21. Nxe6 Qxe6
22. Bxg5 Ke8 23. exd5 cxd5 24. Bd2 Kd7 25. Qf3 Nc7 26. Rac1 Raf8 27. c4 Bd6 28.
Kh1 Rfg8 29. Qxf6 Qxg4 30. Qf5+ Qxf5 31. Rxf5 Ke6 32. Rcf1 Ke7 33. Bc3 d4 34.
Bd2 b6 35. Rf7+ Kd8 36. R1f6 Ne8 37. Rf1 Bc7 38. b4 a5 39. bxa5 1-0

[Event "Challenge"]
[Site "http://www.queenalice.com/game.php?id=276413"]
[Date "2007.9.24"]
[Round "-"]
[White "Egoigwe"]
[Black "Marcvs"]
[Result "1-0"]
[WhiteElo "1688"]
[BlackElo "1374"]

1. e4 e5 2. a3 Nf6 3. Qf3 Nc6 4. h3 d6 5. c3 b6 6. g4 Bb7 7. Bc4 Qd7 8. g5 Ng8
9. Bd5 f6 10. h4 h6 11. Qh5+ Kd8 12. gxf6 Nxf6 13. Qf3 Kc8 14. d3 Ne7 15. Bxb7+
Kxb7 16. d4 Kc8 17. Be3 d5 18. Nd2 exd4 19. Bxd4 Qe6 20. e5 Nd7 21. c4 g6 22.
O-O-O h5 23. Re1 Bg7 24. Qc3 Rf8 25. Ngf3 c5 26. cxd5 Nxd5 27. Qc2 Rf5 28. Ng5
Rxg5 29. hxg5 Bxe5 30. Bxe5 Nxe5 31. Qe4 Nc7 32. Qxe5 Qa2 33. Qd6 Kb7 34. Re7
Rc8 35. Rg7 Kb8 36. Re1 Qd5 37. Qxg6 Nb5 38. Qxh5 Qa2 39. Re8 Qa1+ 40. Kc2 Nd4+
41. Kd3 c4+ 42. Kxd4 Qxb2+ 43. Ke3 Qxg7 44. Rxc8+ Kxc8 45. Qe8+ Kc7 46. Ne4 Qb2
47. Qf7+ Kb8 48. Qd7 Qc1+ 49. Kf3 Qxa3+ 50. Kg2 c3 51. Nd6 1-0

[Event "Where eagles dare"]
[Site "http://www.queenalice.com/game.php?id=279619"]
[Date "2007.10.1"]
[Round "-"]
[White "Egoigwe"]
[Black "technicaldraw"]
[Result "0-1"]
[WhiteElo "1641"]
[BlackElo "2018"]

1. e4 e6 2. d4 d5 3. e5 c5 4. c3 Nc6 5. Qa4 Bd7 6. Bb5 a6 7. Bxc6 Bxc6 8. Qd1
cxd4 9. cxd4 Qb6 10. b3 Bb4+ 11. Kf1 Bb5+ 12. Ne2 Ne7 13. Be3 Nf5 14. a3 Nxe3+
15. fxe3 Be7 16. Kf2 Bxe2 17. Kxe2 Rc8 18. Nd2 O-O 19. Rf1 Rc3 20. Rf3 Rfc8 21.
Kf2 Rc2 22. Kg1 Bxa3 23. Rf1 Rc1 24. Qf3 Rxf1+ 25. Rxf1 Rf8 26. Qd1 Bb4 27. Nf3
Be7 28. Qc2 h6 29. h4 Qd8 30. g3 Qc8 31. Qb1 Qc3 32. Re1 Rc8 33. Re2 Qc1+ 34.
Qxc1 Rxc1+ 35. Kf2 a5 0-1

[Event "Dance with me..."]
[Site "http://www.queenalice.com/game.php?id=346925"]
[Date "2008.2.1"]
[Round "-"]
[White "inguitar"]
[Black "Egoigwe"]
[Result "1-0"]
[WhiteElo "1679"]
[BlackElo "1607"]

1. e4 h5 2. d4 c6 3. Nf3 f6 4. Bc4 e6 5. Nc3 d5 6. exd5 exd5 7. Bd3 Ne7 8. O-O
Qc7 9. Re1 g5 10. h4 g4 11. Nd2 Kf7 12. Nb3 Bf5 13. Nc5 b6 14. Na6 Nxa6 15. Bxa6
b5 16. a4 Ng6 17. g3 b4 18. Ne2 c5 19. dxc5 Qxc5 20. Bd3 Bxd3 21. Qxd3 Ne5 22.
Qf5 Nf3+ 23. Kf1 Nxe1 24. Qd7+ Kg8 25. Qe6+ Kg7 26. Be3 d4 27. Bxd4 Qe7 28.
Qxe7+ Bxe7 29. Rxe1 1-0

[Event "Lets dance on the squares!"]
[Site "http://www.queenalice.com/game.php?id=346945"]
[Date "2008.2.1"]
[Round "-"]
[White "Egoigwe"]
[Black "GSR"]
[Result "1-0"]
[WhiteElo "1598"]
[BlackElo "1149"]

1. e4 e5 2. Bc4 Qf6 3. Nf3 Bc5 4. Nc3 Qg6 5. g3 b6 6. Nxe5 Qf6 7. f4 g5 8. d4
Bb4 9. Bxf7+ Kf8 10. fxg5 Qe7 11. Qf3 Qd6 12. Bd5+ Ke7 13. Bf4 1-0

[Event "AUTO-ADV-789"]
[Site "http://www.queenalice.com/game.php?id=347059"]
[Date "2008.2.2"]
[Round "1"]
[White "Ccello93"]
[Black "Egoigwe"]
[Result "1-0"]
[WhiteElo "1973"]
[BlackElo "1626"]

1. e4 h5 2. d4 c6 3. Nf3 f6 4. Bd3 e6 5. e5 f5 6. O-O Be7 7. c4 h4 8. h3 d6 9.
exd6 Qxd6 10. Re1 b6 11. Qe2 g6 12. Na3 Nf6 13. Nc2 Kf7 14. Ne5+ Kg7 15. Bf4
Nbd7 16. Nxg6 Qc7 17. Bxc7 Kxg6 18. Qxe6 Rh7 19. Bxf5+ Kg5 20. Bf4+ Kh5 21. Qe2+
1-0

[Event "AUTO-ADV-789"]
[Site "http://www.queenalice.com/game.php?id=347060"]
[Date "2008.2.2"]
[Round "1"]
[White "Egoigwe"]
[Black "Ccello93"]
[Result "0-1"]
[WhiteElo "1606"]
[BlackElo "1971"]

1. e4 e5 2. Bc4 Nc6 3. Qf3 Nf6 4. h3 Nd4 5. Qd3 d5 6. exd5 Bf5 7. Qg3 Nxc2+ 8.
Kd1 Qd6 9. b3 Nxa1 10. Ba3 Ne4 11. Qf3 Qf6 12. Bb2 Bc5 13. Kc1 Nxf2 14. Rh2 Qg6
15. d6 O-O 16. Nc3 Bg4 0-1

[Event "AUTO-ADV-789"]
[Site "http://www.queenalice.com/game.php?id=347073"]
[Date "2008.2.2"]
[Round "1"]
[White "Egoigwe"]
[Black "Chris93"]
[Result "0-1"]
[WhiteElo "1580"]
[BlackElo "1971"]

1. e4 e5 2. Bc4 Nf6 3. Qf3 Nc6 4. c3 Bc5 5. g4 h6 6. b4 Bb6 7. h3 Qe7 8. Na3 a6
9. Ne2 d6 10. Ng3 Be6 11. Bb3 Bxb3 12. axb3 O-O 13. d3 Qe6 14. Rb1 a5 15. b5 Ne7
16. Nf5 Nxf5 17. gxf5 Qe7 18. Qg2 Nh5 19. Rg1 f6 20. Bxh6 Rf7 21. Qg4 Nf4 22.
Nc4 Nxd3+ 23. Ke2 Nxf2 24. Qh4 Nxh3 25. Rxg7+ Rxg7 26. Bxg7 Qxg7 27. Qxh3 Bc5
28. Qh2 Kf7 29. Qh5+ Ke7 30. Kf3 Rh8 31. Qg4 Qxg4+ 32. Kxg4 b6 33. Kf3 Rh3+ 34.
Kg4 Rxc3 35. Nd2 Re3 36. Rh1 Bb4 37. Rh7+ Kd8 38. Nf3 Rxe4+ 39. Kh5 Rf4 40. Rh8+
Kd7 41. Nh2 Rxf5+ 42. Kg6 Rf4 43. Ng4 Rxg4+ 44. Kxf6 Rf4+ 45. Kg5 Bd2 46. Rh7+
Kc8 47. Rh3 Rf3+ 48. Kg4 Rxh3 49. Kxh3 Kd7 50. Kg2 Ke6 51. Kf2 e4 0-1

[Event "AUTO-ADV-789"]
[Site "http://www.queenalice.com/game.php?id=347074"]
[Date "2008.2.2"]
[Round "1"]
[White "Chris93"]
[Black "Egoigwe"]
[Result "1-0"]
[WhiteElo "1795"]
[BlackElo "1598"]

1. e4 h5 2. d4 c6 3. Nc3 g6 4. Nf3 f6 5. Bc4 e6 6. O-O g5 7. Be3 d5 8. Bb3 Nh6
9. e5 Nf5 10. exf6 Qxf6 11. Bxg5 Qg6 12. Ne2 Rg8 13. Nf4 Qh7 14. Re1 Be7 15.
Bxe7 Qxe7 16. c4 dxc4 17. Bxc4 Ng7 18. d5 cxd5 19. Bxd5 h4 20. Rc1 Nc6 21. Bxc6+
bxc6 22. Rxc6 Kf7 23. Qc2 Nf5 24. Rc7 Bd7 25. Ne5+ Kf6 26. Nxd7+ Kg5 27. Nxe6+
Kh6 28. Qxf5 Rg5 29. Qxg5+ Qxg5 30. Nxg5 Kxg5 31. Rc5+ Kg6 32. h3 1-0

[Event "AUTO-ADV-789"]
[Site "http://www.queenalice.com/game.php?id=347075"]
[Date "2008.2.2"]
[Round "1"]
[White "Egoigwe"]
[Black "Polux"]
[Result "0-1"]
[WhiteElo "1590"]
[BlackElo "1653"]

1. e4 e5 2. Bc4 Nf6 3. Qf3 c6 4. Nc3 d6 5. h3 Be7 6. g4 g5 7. d3 a5 8. Bxg5 b5
9. Nxb5 cxb5 10. Bxb5+ Bd7 11. Bc4 Nc6 12. c3 Be6 13. Bb3 Bxb3 14. axb3 Rb8 15.
Qd1 d5 16. f3 Qb6 17. Bxf6 Bxf6 18. exd5 Ne7 19. c4 Qxb3 20. Qd2 Ng6 21. Rxa5
Be7 22. c5 Rc8 23. Ne2 Bxc5 24. Ra1 Bb4 25. Nc3 Rxc3 26. O-O Rc2 27. Qg5 Qxd5
28. Qf6 O-O 29. Rad1 Qb3 30. Rf2 Bc5 31. Rf1 Qxb2 32. f4 Bxf2+ 33. Kh1 Bg3 34.
Kg1 Rh2 0-1

[Event "AUTO-ADV-789"]
[Site "http://www.queenalice.com/game.php?id=347076"]
[Date "2008.2.2"]
[Round "1"]
[White "Polux"]
[Black "Egoigwe"]
[Result "0-1"]
[WhiteElo "1690"]
[BlackElo "1577"]

1. e4 h5 2. h4 c6 3. d4 g6 4. Nf3 f6 5. e5 Bg7 6. Bd3 Kf7 7. Nc3 Qb6 8. exf6
Bxf6 9. Qe2 d6 10. d5 Bg4 11. Qe4 Nd7 12. Qxg6+ Kf8 13. Ng5 Bxg5 14. Qxg5 Ngf6
15. f3 Ke8 16. fxg4 Nxg4 17. Qf5 Kd8 18. b3 Rf8 19. Qxh5 Qf2+ 20. Kd1 Qxg2 21.
Rf1 Rxf1+ 22. Bxf1 Qxf1+ 23. Kd2 Qg2+ 24. Ne2 Kc7 25. dxc6 bxc6 26. Bb2 Nge5 27.
c4 Rg8 28. Kc3 Nf6 29. Qh6 Qxe2 30. Ba3 Ne4+ 31. Kb4 Rb8+ 32. Ka5 Nxc4+ 33. bxc4
Qxc4 34. Qh5 Rb5+ 35. Ka6 Qa4# 0-1

[Event "AUTO-INT-776"]
[Site "http://www.queenalice.com/game.php?id=347202"]
[Date "2008.2.2"]
[Round "1"]
[White "prmntgen"]
[Black "Egoigwe"]
[Result "1-0"]
[WhiteElo "1707"]
[BlackElo "1626"]

1. d4 h5 2. c4 c6 3. Nc3 Nf6 4. e3 e6 5. Nf3 d5 6. c5 Qa5 7. Bd2 Qc7 8. Bd3 Nbd7
9. Qc2 b6 10. cxb6 axb6 11. a3 b5 12. a4 Nb6 13. Ne5 Nfd7 14. Nxd7 Kxd7 15. O-O
f5 16. axb5 Rxa1 17. Rxa1 Ke8 18. bxc6 Qxc6 19. Bb5 Qxb5 20. Nxb5 Nc4 21. b3
Nxd2 22. Qxd2 Be7 23. Qc3 Bd7 24. Ra8+ Bd8 25. Qa5 Ke7 26. Qb4+ Kf6 27. Nc3 1-0

[Event "AUTO-INT-776"]
[Site "http://www.queenalice.com/game.php?id=347203"]
[Date "2008.2.2"]
[Round "1"]
[White "Egoigwe"]
[Black "prmntgen"]
[Result "0-1"]
[WhiteElo "1623"]
[BlackElo "1712"]

1. e4 e5 2. Bc4 Nf6 3. Qf3 d6 4. h3 Nc6 5. c3 a6 6. g4 b5 7. Bb3 Na5 8. Bxf7+
Kxf7 9. g5 Bb7 10. gxf6 gxf6 11. d3 h6 12. Qh5+ Ke7 13. f4 c5 14. f5 d5 15. Rh2
dxe4 16. dxe4 Bxe4 17. Rd2 Qb6 18. Qg4 Bc6 19. Na3 c4 20. Ne2 Kf7 21. b4 Nb7 22.
Kd1 Rd8 23. Nc2 Rg8 24. Qh5+ Ke7 25. Rxd8 Qxd8+ 26. Bd2 Rg5 27. Qh4 Rxf5 28. Ne3
Rg5 29. Ng4 Bf3 30. Nxh6 Bxe2+ 31. Kxe2 Rg2+ 32. Kf1 Qxd2 33. Ng4 Qe2# 0-1

[Event "AUTO-INT-776"]
[Site "http://www.queenalice.com/game.php?id=347216"]
[Date "2008.2.2"]
[Round "1"]
[White "YouLoseSorry"]
[Black "Egoigwe"]
[Result "0-1"]
[WhiteElo "1548"]
[BlackElo "1606"]

1. e4 h5 2. h4 c6 3. Qf3 d6 4. Bc4 Nf6 5. Nh3 g6 6. Ng5 e6 7. d4 b5 8. e5 bxc4
9. exf6 d5 10. b3 Nd7 11. bxc4 Nxf6 12. cxd5 exd5 13. c4 Qe7+ 14. Be3 Bg4 15.
Qg3 Bg7 16. O-O Ne4 17. Nxe4 dxe4 18. f3 exf3 19. Rxf3 Bxf3 20. Qxf3 O-O 21. Bg5
Bxd4+ 22. Kh2 f6 23. Bh6 Rfc8 24. Nc3 Qa3 25. Nb5 Qxf3 26. gxf3 Bxa1 0-1

[Event "AUTO-INT-776"]
[Site "http://www.queenalice.com/game.php?id=347217"]
[Date "2008.2.2"]
[Round "1"]
[White "Egoigwe"]
[Black "YouLoseSorry"]
[Result "1-0"]
[WhiteElo "1603"]
[BlackElo "1548"]

1. e4 d5 2. e5 f6 3. d4 Nc6 4. Bb5 a6 5. Bxc6+ bxc6 6. c3 fxe5 7. Qh5+ g6 8.
Qxe5 Nf6 9. Bg5 Ng4 10. Qxh8 Qd6 11. h3 Qe6+ 12. Ne2 h6 13. Bxe7 Qxe7 14. hxg4
Bxg4 15. f3 Bf5 16. Qe5 Qxe5 17. dxe5 Rb8 18. b3 c5 19. Nd2 c4 20. b4 a5 21.
bxa5 Rb2 22. a6 Bc5 23. Nd4 Bxd4 24. cxd4 c3 25. Nb3 Rxg2 26. a7 1-0

[Event "AUTO-INT-776"]
[Site "http://www.queenalice.com/game.php?id=347226"]
[Date "2008.2.2"]
[Round "1"]
[White "Egoigwe"]
[Black "franzjonas"]
[Result "1-0"]
[WhiteElo "1591"]
[BlackElo "1339"]

1. e4 e5 2. Bc4 c6 3. Qf3 Nf6 4. h3 b5 5. Bb3 d5 6. d3 Be6 7. Nd2 g6 8. a4 Nbd7
9. g4 Bg7 10. g5 Nh5 11. exd5 cxd5 12. Bxd5 Qxg5 13. Nc4 Rb8 14. Bxg5 1-0

[Event "AUTO-INT-776"]
[Site "http://www.queenalice.com/game.php?id=347227"]
[Date "2008.2.2"]
[Round "1"]
[White "franzjonas"]
[Black "Egoigwe"]
[Result "0-1"]
[WhiteElo "1211"]
[BlackElo "1590"]

1. c4 Nc6 2. e3 e5 3. d4 Bb4+ 4. Nc3 e4 5. c5 a6 6. Bd2 d6 7. Nxe4 dxc5 8. Nxc5
a5 9. Nf3 b6 10. Nb3 Qe7 11. Qc2 a4 12. Qxc6+ Qd7 13. Qxa8 Bxd2+ 14. Nfxd2 c6
15. Qxa4 Ne7 16. g3 Bb7 17. Bg2 b5 0-1

[Event "Let's Cha Cha Cha!"]
[Site "http://www.queenalice.com/game.php?id=382772"]
[Date "2008.4.5"]
[Round "-"]
[White "Egoigwe"]
[Black "Lightningzap007"]
[Result "0-1"]
[WhiteElo "1588"]
[BlackElo "1798"]

1. e4 c5 2. Bc4 Nc6 3. a3 e6 4. Nf3 Nge7 5. d3 g6 6. c3 Bg7 7. h4 d5 8. exd5
exd5 9. Bb3 Bg4 10. Nbd2 h5 0-1